000 01055nam0a22002651 4500
001 rc\2781319
005 20250806210258.0
035 _a(NLR Aleph) 006907555
090 _a22499
_c22499
100 _a20110915d1942 u y0rusy50 ca
101 0 _arus
102 _aRU
105 _ay z |||||
200 1 _aЗаразные кишечные болезни и меры их предупреждения
_e(Материалы для лекций и бесед)
_fМ. Г. Френкель
_gЦентр. ин-т сан. просвещения НКЗ СССР
210 _aКазань
_cТатгосиздат
_d1942
215 _a31 с.
_d15 см.
320 _aБиблиогр.: "Литература и наглядные пособия" (стр. 30-31)
700 1 _aФренкель
_bМ.Г.
_gМихаил Григорьевич
801 0 _aRU
_bNLR
_gpsbo
801 1 _aRU
_bELAR
_2rusmarc
852 _aNLR
_jМд96 Г-2/249
942 _cBOOK
945 _aРоссийская национальная библиотека
980 _aNB
980 _aBV